<?xml version="1.0" encoding="UTF-8"?>
<record
    xmlns:xsi="http://www.w3.org/2001/XMLSchema-instance"
    xsi:schemaLocation="http://www.loc.gov/MARC21/slim http://www.loc.gov/standards/marcxml/schema/MARC21slim.xsd"
    xmlns="http://www.loc.gov/MARC21/slim">

  <leader>01066nam a2200217 i 4500</leader>
  <controlfield tag="001">82049</controlfield>
  <controlfield tag="003">ES-MaACL</controlfield>
  <controlfield tag="005">20230906174556.0</controlfield>
  <controlfield tag="007">t|</controlfield>
  <controlfield tag="008">041119q1916    gw           ||||1| ger d</controlfield>
  <datafield tag="080" ind1=" " ind2=" ">
    <subfield code="a">821.122.2-82"18"</subfield>
  </datafield>
  <datafield tag="100" ind1="1" ind2=" ">
    <subfield code="a">Goethe, Johann Wolfgang von,</subfield>
    <subfield code="d">1749-1832</subfield>
    <subfield code="9">57568</subfield>
  </datafield>
  <datafield tag="245" ind1="1" ind2="0">
    <subfield code="a">Goethes werke / </subfield>
    <subfield code="c">herausgegeben von Eduard Scheidemantel ; mit einem lebensbild von Karl Alt.</subfield>
  </datafield>
  <datafield tag="260" ind1=" " ind2=" ">
    <subfield code="a">Berlin [etc.] : </subfield>
    <subfield code="b">Bong &amp; Co., </subfield>
    <subfield code="c">[1916?]</subfield>
  </datafield>
  <datafield tag="300" ind1=" " ind2=" ">
    <subfield code="a">6 v. ; </subfield>
    <subfield code="c">19 cm.</subfield>
  </datafield>
  <datafield tag="505" ind1="8" ind2=" ">
    <subfield code="a">1. Gedichte -- 2. Reineke Fuchs ; Hermann und Dorothea ; Achille&#xEF;s -- 3. G&#xF6;tz von Berlichingen ; Clavigo ; Stella ; Die Geschwister ; Egmont -- 4. Iphigenie auf Tauris ; Torquato Tasso -- 5. Faust -- 6. Die Leiden des jungen Werther -- 7. Wilhelm Meisters Lehrjahre -- 8. Die Wahlverwandschaften -- 9. Dichtung und Wahrheit : Erstes bis zehntes Buch -- 10. Dichtung und Wahrheit : elftes bis zwanzigsts buch</subfield>
  </datafield>
  <datafield tag="700" ind1="1" ind2=" ">
    <subfield code="a">Scheidemantel, Eduard.</subfield>
    <subfield code="9">104276</subfield>
  </datafield>
  <datafield tag="700" ind1="1" ind2=" ">
    <subfield code="a">Alt, Karl.</subfield>
    <subfield code="9">20502</subfield>
  </datafield>
  <datafield tag="852" ind1=" " ind2=" ">
    <subfield code="a">ES-MaACL</subfield>
    <subfield code="j">G-102-107</subfield>
  </datafield>
  <datafield tag="999" ind1=" " ind2=" ">
    <subfield code="c">82049</subfield>
    <subfield code="d">82049</subfield>
  </datafield>
  <datafield tag="952" ind1=" " ind2=" ">
    <subfield code="0">0</subfield>
    <subfield code="1">0</subfield>
    <subfield code="4">0</subfield>
    <subfield code="7">0</subfield>
    <subfield code="a">ATENEOM</subfield>
    <subfield code="b">ATENEOM</subfield>
    <subfield code="c">SPP3</subfield>
    <subfield code="d">2008-01-17</subfield>
    <subfield code="e">SC</subfield>
    <subfield code="l">0</subfield>
    <subfield code="o">G-102-107</subfield>
    <subfield code="p">1085757</subfield>
    <subfield code="r">2023-02-23 00:00:00</subfield>
    <subfield code="w">2023-02-23</subfield>
    <subfield code="y">MONOGRAFIA</subfield>
  </datafield>
</record>
